[Event "EYCC 2017"]
[Site "Mamaia"]
[Date "2017.09.07"]
[Round "3"]
[White "Macovei, Andrei"]
[Black "Yayloyan, Konstantin"]
[Result "0-1"]
[WhiteElo "2363"]
[BlackElo "2142"]
[Annotator "NA"]
[PlyCount "72"]
[EventDate "2017.??.??"]
[EventType "swiss"]
[EventCountry "ROU"]
[SourceTitle "playchess.com"]
[Source "ChessBase"]
[SourceQuality "1"]
[TimeControl "40/5400+30:1800+30"]

1. e4 {[%emt 0:00:00]} c5 {[%emt 0:00:12]} 2. Nf3 {[%emt 0:00:00]} d6 {[%emt 0:00:10]} 3. d4 {[%emt 0:00:00]} cxd4 {[%emt 0:00:03]} 4. Nxd4 {[%emt 0:00:00]} Nf6 {[%emt 0:00:04]} 5. Nc3 {[%emt 0:00:02]} Bd7 {[%emt 0:00:23]} 6. Bg5 {[%emt 0:01:47]} e6 {[%emt 0:01:06]} 7. Ndb5 {[%emt 0:00:35]} Bc6 {[%emt 0:01:10]} 8. Bxf6 {[%emt 0:00:10]} gxf6 {[%emt 0:00:06]} 9. Qh5 {[%emt 0:00:15]} a6 {[%emt 0:01:26]} 10. Nd4 {[%emt 0:00:17]} Bd7 {[%emt 0:00:05]} 11. O-O-O {[%emt 0:00:14]} Nc6 {[%emt 0:01:23]} 12. Nb3 {[%emt 0:00:17]} b5 {[%emt 0:08:01]} 13. f4 {[%emt 0:04:05]} b4 14. Ne2 {[%emt 0:00:55]} a5 {[%emt 0:06:53]} 15. f5 {[%emt 0:03:20]} e5 {[%emt 0:00:55]} 16. Ng3 {[%emt 0:00:26]} Be7 {[%emt 0:02:46]} 17. Bc4 {[%emt 0:06:09]} Rf8 {[%emt 0:01:05]} 18. Qh6 {[%emt 0:26:45]} a4 {[%emt 0:18:06]} 19. Nh5 {[%emt 0:01:04]} Qc7 {[%emt 0:02:14]} 20. Nd2 {[%emt 0:11:06]} Nd4 {[%emt 0:01:44]} 21. Kb1 {[%emt 0:04:15]} Bb5 {[%emt 0:14:11]} 22. Bxb5+ {[%emt 0:14:57]} Nxb5 {[%emt 0:00:04]} 23. Qe3 {[%emt 0:00:52]} a3 {[%emt 0:04:00]} 24. Qd3 {[%emt 0:00:50]} Qc6 {[%emt 0:10:58]} 25. Qd5 {[%emt 0:07:06]} Qa6 {[%emt 0:04:37]} 26. Nc4 {[%emt 0:10:19]} axb2 {[%emt 0:02:57]} 27. Nxf6+ {[%emt 0:02:56]} Kd8 {[%emt 0:00:05]} 28. Kxb2 {[%emt 0:04:07]} Bxf6 {[%emt 0:01:33]} 29. a4 {[%emt 0:00:51]} bxa3+ {[%emt 0:00:50]} 30. Ka1 {[%emt 0:00:01]} Ke7 {[%emt 0:00:38]} 31. Rd3 {[%emt 0:00:59]} Rfc8 {[%emt 0:01:41]} 32. Ne3 {[%emt 0:00:45]} Nd4 {[%emt 0:00:48]} 33. Rhd1 {[%emt 0:00:30]} Nxc2+ {[%emt 0:01:44]} 34. Nxc2 {[%emt 0:00:02]} Rxc2 {[%emt 0:00:05]} 35. Qxd6+ {[%emt 0:00:21]} Qxd6 {[%emt 0:00:03]} 36. Rxd6 {[%emt 0:00:03]} Rxg2 {[%emt 0:00:28]} 0-1

[Event "EYCC 2017"]
[Site "Mamaia"]
[Date "2017.09.07"]
[Round "3"]
[White "Perez Garcia, Alejandro"]
[Black "Deac, Bogdan-Daniel"]
[Result "0-1"]
[WhiteElo "2361"]
[BlackElo "2559"]
[Annotator "TA"]
[PlyCount "78"]
[EventDate "2017.??.??"]
[EventType "swiss"]
[EventCountry "ROU"]
[SourceTitle "playchess.com"]
[Source "ChessBase"]
[SourceQuality "1"]

{[%evp 25,78,-30,-21,-67,58,61,114,49,77,0,0,0,0,-195,-203,-198,-197,-210,-208,-265,-271,-249,-262,-251,-221,-247,-245,-311,-320,-302,-280,-354,-341,-334,-336,-454,-453,-441,-447,-439,-416,-613,-611,-591,-601,-586,-583,-682,-586,-575,-525,-673,-718,-810,-813]} 1. d4 Nf6 2. c4 e6 3. g3 c5 4. d5 exd5 5. cxd5 d6 6. Nc3 g6 7. Bg2 Bg7 8. Nf3 {[%cal Bg1f3,Bf3d2,Bd2c4][%mdl 32]} O-O 9. O-O Re8 10. Bf4 Bf5 {A62: Modern Benoni: Fianchetto Variation without early ...Nbd7} (10... Na6 11. Re1 Bf5 12. Nh4 Bd7 13. e4 c4 14. Qd2 Nc5 15. Bxd6 Nd3 16. Nf3 Ng4 17. Re2 Qb6 18. Bf4 Qxb2 19. Qxb2 Nxb2 {0-1 (40) Navara,D (2737)-Morozevich,A (2675) Biel 2017}) 11. Nd2 Nh5 12. e4 Nxf4 13. gxf4 Bd7 {LiveBook: 5 Games} 14. Qb3 {[#]} Qc7 $146 (14... b5 $1 $15) ({Predecessor:} 14... b5 15. a4 Bh6 16. Ne2 Na6 17. axb5 Nb4 18. Nc4 Bxb5 {0-1 (51) Santos Latasa,J (2518)-Fier,A (2624) Bilbao 2015}) 15. Nc4 $1 $14 {Hoping for e5!} Bh6 (15... Bxc3 $1 $14 16. Qxc3 Bb5) 16. e5 ({And not} 16. Nb5 Bxb5 17. Qxb5 Nd7 $17) ({White should play} 16. f5 $1 $16) 16... Bxf4 17. e6 ({White should try} 17. Rfe1 $16) 17... fxe6 $11 18. dxe6 Bxe6 {Threatens to win with ...Nc6.} 19. Rfe1 $2 (19. Qxb7 $11 Qxb7 20. Bxb7 Bxc4 21. Rfe1) 19... Nc6 $19 {Strongly threatening ...Nd4.} 20. Bd5 {[#]} Bxd5 $1 21. Nxd5 {[#]} Qf7 $1 {[%cal Rf7d5]} 22. Nf6+ Qxf6 23. Nxd6+ Kf8 24. Nxe8 Rxe8 25. Rxe8+ Kxe8 26. Qg8+ Kd7 27. Qxh7+ Ne7 28. Rd1+ Bd6 29. Qh3+ Kc7 30. Qc3 Qxc3 31. bxc3 c4 32. Kg2 Be5 33. h4 (33. Kf3 $142) 33... Bxc3 {Black is clearly winning.} 34. Rc1 Nd5 35. Kf3 b5 36. Ke4 Kc6 37. Rd1 Ne7 38. f4 Bf6 39. Rh1 Nf5 {Precision: White = 37%, Black = 55%.} 0-1

[Event "EYCC 2017"]
[Site "Mamaia"]
[Date "2017.09.07"]
[Round "3"]
[White "Garcia Martin, Marta"]
[Black "Sucikova, Svetlana"]
[Result "1/2-1/2"]
[WhiteElo "2360"]
[BlackElo "2055"]
[Annotator "NA"]
[PlyCount "82"]
[EventDate "2017.??.??"]
[EventType "swiss"]
[EventCountry "ROU"]
[SourceTitle "playchess.com"]
[Source "ChessBase"]
[SourceQuality "1"]
[TimeControl "40/5400+30:1800+30"]

1. e4 {[%emt 0:00:00]} c6 {[%emt 0:00:42]} 2. d4 {[%emt 0:00:00]} d5 {[%emt 0:00:52]} 3. e5 {[%emt 0:00:22]} Bf5 {[%emt 0:01:33]} 4. h4 {[%emt 0:00:27]} Qb6 {[%emt 0:02:19]} 5. h5 {[%emt 0:07:07]} h6 {[%emt 0:02:13]} 6. Nc3 {[%emt 0:02:08]} e6 {[%emt 0:01:37]} 7. Nge2 {[%emt 0:08:13]} Nd7 {[%emt 0:01:18]} 8. Na4 {[%emt 0:09:01]} Qa5+ {[%emt 0:03:14]} 9. c3 {[%emt 0:05:22]} b5 {[%emt 0:06:48]} 10. Nc5 {[%emt 0:00:59]} Bxc5 {[%emt 0:01:00]} 11. dxc5 {[%emt 0:01:53]} b4 {[%emt 0:11:01]} 12. Bd2 Qxc5 {[%emt 0:17:29]} 13. Nd4 {[%emt 0:30:32]} Ne7 {[%emt 0:05:11]} 14. Nb3 {[%emt 0:09:40]} Qb6 {[%emt 0:01:20]} 15. cxb4 {[%emt 0:00:03]} Nxe5 {[%emt 0:05:39]} 16. Bc3 {[%emt 0:01:07]} Ng4 {[%emt 0:00:25]} 17. Qd2 {[%emt 0:03:53]} e5 {[%emt 0:02:43]} 18. b5 {[%emt 0:05:51]} c5 {[%emt 0:08:09]} 19. f3 {[%emt 0:01:35]} Nf6 {[%emt 0:02:01]} 20. Bxe5 {[%emt 0:01:32]} O-O {[%emt 0:05:30]} 21. Be2 {[%emt 0:00:20]} Nd7 {[%emt 0:01:15]} 22. Bf4 {[%emt 0:00:29]} d4 {[%emt 0:03:20]} 23. g4 {[%emt 0:02:47]} Bh7 {[%emt 0:01:19]} 24. Bc4 {[%emt 0:01:13]} Rfe8 {[%emt 0:02:29]} 25. Kf2 {[%emt 0:02:07]} Qf6 {[%emt 0:05:13]} 26. Na5 {[%emt 0:05:03]} Nb6 {[%emt 0:01:30]} 27. Rae1 {[%emt 0:00:39]} Ned5 {[%emt 0:00:27]} 28. Kg3 {[%emt 0:00:25]} Re6 {[%emt 0:05:04]} 29. Bxd5 {[%emt 0:01:06]} Nxd5 {[%emt 0:00:06]} 30. Nc4 Rae8 {[%emt 0:00:42]} 31. Rxe6 {[%emt 0:00:57]} Rxe6 {[%emt 0:00:32]} 32. Rh2 {[%emt 0:00:36]} Nxf4 {[%emt 0:01:37]} 33. Qxf4 {[%emt 0:00:03]} Qxf4+ {[%emt 0:00:14]} 34. Kxf4 {[%emt 0:00:03]} Bd3 {[%emt 0:00:10]} 35. b3 {[%emt 0:01:20]} Bxc4 {[%emt 0:00:13]} 36. bxc4 {[%emt 0:00:03]} Re3 {[%emt 0:00:55]} 37. Rc2 {[%emt 0:00:58]} Kf8 {[%emt 0:00:09]} 38. a4 {[%emt 0:00:26]} Ke7 {[%emt 0:01:19]} 39. a5 {[%emt 0:00:27]} Kd7 {[%emt 0:00:51]} 40. Rc1 {[%emt 0:00:00]} Kd6 {[%emt 0:01:25]} 41. Rb1 {[%emt 0:07:09]} Ra3 {[%emt 0:11:05]} 1/2-1/2

[Event "EYCC 2017"]
[Site "Mamaia"]
[Date "2017.09.07"]
[Round "3"]
[White "Suleymanli, Aydin"]
[Black "Hoffmann, Yair"]
[Result "1-0"]
[WhiteElo "2351"]
[BlackElo "2010"]
[Annotator "NA"]
[PlyCount "83"]
[EventDate "2017.??.??"]
[EventType "swiss"]
[EventCountry "ROU"]
[SourceTitle "playchess.com"]
[Source "ChessBase"]
[SourceQuality "1"]
[TimeControl "40/5400+30:1800+30"]

1. d4 {[%emt 0:00:00]} d5 {[%emt 0:00:16]} 2. c4 {[%emt 0:00:00]} c6 {[%emt 0:00:08]} 3. Nf3 {[%emt 0:00:00]} Nf6 {[%emt 0:00:25]} 4. e3 {[%emt 0:00:04]} Bf5 {[%emt 0:00:36]} 5. Nc3 {[%emt 0:00:07]} e6 {[%emt 0:01:04]} 6. Bd3 {[%emt 0:00:14]} Bxd3 {[%emt 0:01:35]} 7. Qxd3 {[%emt 0:00:11]} Be7 {[%emt 0:00:47]} 8. O-O {[%emt 0:01:17]} Nbd7 {[%emt 0:00:15]} 9. e4 {[%emt 0:01:39]} dxe4 {[%emt 0:00:43]} 10. Nxe4 {[%emt 0:00:04]} Nxe4 {[%emt 0:00:15]} 11. Qxe4 {[%emt 0:03:04]} O-O {[%emt 0:01:33]} 12. Bd2 {[%emt 0:04:17]} Nf6 {[%emt 0:02:45]} 13. Qe2 {[%emt 0:00:54]} Qb6 {[%emt 0:05:42]} 14. b4 {[%emt 0:07:25]} Qc7 {[%emt 0:03:14]} 15. a4 {[%emt 0:02:42]} a6 {[%emt 0:02:02]} 16. a5 {[%emt 0:06:24]} Rad8 {[%emt 0:03:52]} 17. Bc3 {[%emt 0:03:05]} Nd7 {[%emt 0:05:30]} 18. Rfe1 {[%emt 0:00:55]} Rfe8 {[%emt 0:00:41]} 19. Rad1 {[%emt 0:04:48]} Bf6 {[%emt 0:02:15]} 20. Rd3 {[%emt 0:04:10]} Re7 {[%emt 0:07:29]} 21. Nd2 {[%emt 0:04:54]} g6 {[%emt 0:02:54]} 22. Ne4 {[%emt 0:08:27]} Bg7 {[%emt 0:02:41]} 23. g3 {[%emt 0:13:13]} Nf6 {[%emt 0:05:03]} 24. Nd2 {[%emt 0:01:42]} Ne8 {[%emt 0:02:03]} 25. f4 {[%emt 0:05:12]} Nd6 {[%emt 0:01:21]} 26. g4 {[%emt 0:01:00]} Red7 {[%emt 0:02:30]} 27. Qf1 {[%emt 0:03:17]} Re7 {[%emt 0:09:54]} 28. Rf3 {[%emt 0:01:44]} Ne8 {[%emt 0:02:46]} 29. Nb3 {[%emt 0:00:07]} Nf6 {[%emt 0:02:31]} 30. h3 {[%emt 0:01:05]} Ree8 {[%emt 0:02:11]} 31. Re2 {[%emt 0:01:19]} Nd7 {[%emt 0:01:13]} 32. g5 {[%emt 0:01:48]} f6 {[%emt 0:08:56]} 33. Qe1 {[%emt 0:04:30]} Kf7 {[%emt 0:02:02]} 34. gxf6 {[%emt 0:01:34]} Nxf6 {[%emt 0:01:17]} 35. Nc5 {[%emt 0:00:04]} Qc8 {[%emt 0:00:52]} 36. Rfe3 {[%emt 0:00:58]} Rd6 {[%emt 0:00:51]} 37. Qh4 {[%emt 0:03:22]} Qb8 {[%emt 0:03:47]} 38. d5 {[%emt 0:01:35]} exd5 {[%emt 0:03:01]} 39. Rxe8 {[%emt 0:00:42]} Nxe8 {[%emt 0:02:29]} 40. Qe7+ {[%emt 0:00:00]} Kg8 {[%emt 0:00:13]} 41. Nd7 {[%emt 0:04:55]} Qc8 {[%emt 0:08:05]} 42. Bxg7 {[%emt 0:00:06]} 1-0

[Event "EYCC 2017"]
[Site "Mamaia"]
[Date "2017.09.07"]
[Round "3"]
[White "Bjerre, Jonas Buhl"]
[Black "Pedoson, Georg Aleksander"]
[Result "1-0"]
[WhiteElo "2348"]
[BlackElo "2021"]
[Annotator "NA"]
[PlyCount "91"]
[EventDate "2017.??.??"]
[EventType "swiss"]
[EventCountry "ROU"]
[SourceTitle "playchess.com"]
[Source "ChessBase"]
[SourceQuality "1"]
[TimeControl "40/5400+30:1800+30"]

1. e4 {[%emt 0:00:00]} c6 {[%emt 0:00:05]} 2. d4 {[%emt 0:00:00]} d5 {[%emt 0:00:05]} 3. Nc3 {[%emt 0:00:00]} dxe4 {[%emt 0:00:20]} 4. Nxe4 {[%emt 0:02:39]} Nf6 {[%emt 0:00:08]} 5. Nxf6+ {[%emt 0:00:12]} exf6 {[%emt 0:00:08]} 6. c3 {[%emt 0:00:11]} Bd6 {[%emt 0:01:27]} 7. Bd3 {[%emt 0:00:12]} O-O {[%emt 0:04:58]} 8. Qc2 {[%emt 0:00:25]} Re8+ {[%emt 0:01:19]} 9. Ne2 {[%emt 0:00:07]} g6 {[%emt 0:00:33]} 10. h4 {[%emt 0:01:16]} Be6 {[%emt 0:01:00]} 11. h5 {[%emt 0:01:47]} f5 {[%emt 0:00:17]} 12. Bd2 {[%emt 0:15:11]} Nd7 {[%emt 0:04:34]} 13. O-O-O {[%emt 0:06:51]} Qf6 {[%emt 0:07:29]} 14. Kb1 {[%emt 0:11:10]} b5 {[%emt 0:08:43]} 15. Nf4 {[%emt 0:03:43]} Nb6 {[%emt 0:06:30]} 16. Rh3 {[%emt 0:11:10]} Nd5 {[%emt 0:04:42]} 17. Qc1 {[%emt 0:06:18]} b4 {[%emt 0:11:07]} 18. cxb4 {[%emt 0:10:15]} Nxb4 {[%emt 0:09:00]} 19. Bxb4 {[%emt 0:02:12]} Bxb4 {[%emt 0:00:02]} 20. hxg6 {[%emt 0:00:44]} hxg6 {[%emt 0:01:24]} 21. Nxe6 {[%emt 0:01:53]} Qxe6 {[%emt 0:02:46]} 22. Rdh1 {[%emt 0:03:40]} Qf6 {[%emt 0:03:57]} 23. Bc4 {[%emt 0:02:54]} f4 {[%emt 0:05:44]} 24. Bxf7+ {[%emt 0:04:19]} Kxf7 {[%emt 0:00:26]} 25. Qc4+ {[%emt 0:00:39]} Qe6 {[%emt 0:00:18]} 26. Qxb4 {[%emt 0:00:46]} Rab8 {[%emt 0:00:53]} 27. Qc3 {[%emt 0:00:43]} Qd5 {[%emt 0:03:08]} 28. Rh7+ {[%emt 0:00:49]} Kf6 {[%emt 0:00:14]} 29. Rc7 {[%emt 0:01:50]} Rb6 {[%emt 0:00:57]} 30. Rc1 {[%emt 0:01:55]} Re6 {[%emt 0:03:08]} 31. a4 {[%emt 0:05:39]} a5 {[%emt 0:03:14]} 32. Qc5 {[%emt 0:02:05]} Rb4 {[%emt 0:05:18]} 33. Rxc6 {[%emt 0:03:31]} Qe4+ {[%emt 0:00:27]} 34. Qc2 {[%emt 0:00:42]} Rxd4 {[%emt 0:00:40]} 35. Qxe4 {[%emt 0:00:42]} Rdxe4 {[%emt 0:00:07]} 36. Rxe6+ {[%emt 0:00:22]} Kxe6 {[%emt 0:00:19]} 37. b3 {[%emt 0:00:32]} Kd5 {[%emt 0:01:11]} 38. Rd1+ {[%emt 0:00:13]} Kc5 {[%emt 0:01:07]} 39. Kc2 {[%emt 0:00:09]} Kb4 {[%emt 0:01:03]} 40. Rd2 {[%emt 0:00:00]} g5 {[%emt 0:01:13]} 41. Kb2 {[%emt 0:03:10]} Re1 {[%emt 0:05:11]} 42. Rc2 {[%emt 0:01:01]} Re4 {[%emt 0:00:23]} 43. f3 {[%emt 0:00:39]} Rd4 {[%emt 0:00:06]} 44. Ka2 {[%emt 0:00:19]} g4 {[%emt 0:00:13]} 45. fxg4 {[%emt 0:02:04]} f3 {[%emt 0:00:43]} 46. g5 {[%emt 0:04:39]} 1-0

[Event "EYCC 2017"]
[Site "Mamaia"]
[Date "2017.09.07"]
[Round "3"]
[White "Bykov, Oleg"]
[Black "Van Foreest, Lucas"]
[Result "1/2-1/2"]
[WhiteElo "2336"]
[BlackElo "2485"]
[Annotator "TA"]
[PlyCount "51"]
[EventDate "2017.??.??"]
[EventType "swiss"]
[EventCountry "ROU"]
[SourceTitle "playchess.com"]
[Source "ChessBase"]
[SourceQuality "1"]

{[%evp 26,51,-5,0,35,27,29,33,35,36,36,36,34,34,33,33,37,7,5,6,2,4,8,0,1,0,12,0]} 1. c4 c5 2. g3 g6 3. Bg2 Bg7 4. Nc3 Nc6 5. e3 e6 6. Nge2 Nge7 7. O-O O-O 8. d4 cxd4 9. exd4 d5 10. cxd5 Nxd5 11. Nxd5 exd5 12. Be3 Bg4 13. h3 {A36: Symmetrical English vs ...g6: 4 Bg2 Bg7} (13. Re1 Re8 14. h3 Bxe2 15. Rxe2 Qb6 16. Rd2 Rad8 17. Rc1 Rd7 18. Qa4 Red8 19. h4 a6 20. Bh3 Rc7 21. Bf4 {0-1 (95) Zhao,X (2568)-Muzychuk,A (2566) Beijing 2013}) 13... Bxe2 14. Qxe2 {LiveBook: 5 Games} Qa5 $146 ({Find the theoretical novelty and annotate with similar games:} 14... Nxd4 15. Qd2 Qf6 16. Rad1 Nf5 17. Bg5 Qb6 18. Rfe1 d4 19. g4 Nd6 20. Re7 Rac8 {0-1 (30) Jacobsen,M (2247)-Bjerre,J (2330) Koege 2017}) 15. Rfd1 {White is slightly better.} Rac8 16. Qd2 Qxd2 17. Rxd2 Ne7 18. Bg5 f6 19. Re1 Rc7 20. Bf4 Rd7 21. Bd6 Rxd6 {The position is equal.} 22. Rxe7 Rf7 23. Re8+ Rf8 24. Re7 Rf7 25. Re8+ Rf8 26. Re7 1/2-1/2

[Event "EYCC 2017"]
[Site "Mamaia"]
[Date "2017.09.07"]
[Round "3"]
[White "Badelka, Olga"]
[Black "Zotova, Anastasia"]
[Result "1-0"]
[WhiteElo "2335"]
[BlackElo "2009"]
[Annotator "NA"]
[PlyCount "107"]
[EventDate "2017.??.??"]
[EventType "swiss"]
[EventCountry "ROU"]
[SourceTitle "playchess.com"]
[Source "ChessBase"]
[SourceQuality "1"]
[TimeControl "40/5400+30:1800+30"]

1. d4 {[%emt 0:00:00]} Nf6 {[%emt 0:00:08]} 2. c4 {[%emt 0:00:00]} g6 {[%emt 0:00:05]} 3. Nc3 {[%emt 0:00:00]} d5 {[%emt 0:00:06]} 4. e3 {[%emt 0:00:00]} Bg7 {[%emt 0:00:22]} 5. cxd5 {[%emt 0:00:11]} Nxd5 {[%emt 0:00:09]} 6. Nxd5 {[%emt 0:00:05]} Qxd5 {[%emt 0:00:07]} 7. Ne2 {[%emt 0:00:03]} O-O {[%emt 0:03:21]} 8. Nc3 {[%emt 0:00:04]} Qd8 {[%emt 0:07:34]} 9. Be2 {[%emt 0:00:27]} Nd7 {[%emt 0:00:32]} 10. O-O {[%emt 0:02:16]} c5 {[%emt 0:00:52]} 11. d5 {[%emt 0:00:49]} Nb6 {[%emt 0:01:02]} 12. e4 {[%emt 0:04:45]} e6 {[%emt 0:06:13]} 13. Be3 {[%emt 0:03:51]} Be5 {[%emt 0:09:03]} 14. dxe6 {[%emt 0:09:28]} Bxe6 {[%emt 0:08:39]} 15. Bxc5 {[%emt 0:00:47]} Qxd1 {[%emt 0:01:32]} 16. Rfxd1 {[%emt 0:00:29]} Rfc8 {[%emt 0:00:23]} 17. Bd4 {[%emt 0:01:24]} Bxd4 {[%emt 0:00:48]} 18. Rxd4 {[%emt 0:00:06]} Nc4 {[%emt 0:01:13]} 19. Bxc4 {[%emt 0:06:47]} Bxc4 {[%emt 0:01:14]} 20. f4 {[%emt 0:00:59]} b5 {[%emt 0:01:27]} 21. a3 {[%emt 0:00:19]} a5 {[%emt 0:00:15]} 22. Kf2 {[%emt 0:06:41]} Rab8 {[%emt 0:02:11]} 23. Rc1 {[%emt 0:03:43]} Rc6 {[%emt 0:07:20]} 24. Nd1 {[%emt 0:05:57]} Rbc8 {[%emt 0:02:40]} 25. Ne3 {[%emt 0:02:29]} Bb3 {[%emt 0:00:54]} 26. Rxc6 {[%emt 0:00:34]} Rxc6 {[%emt 0:00:00]} 27. Ke2 {[%emt 0:08:48]} Kf8 {[%emt 0:03:39]} 28. Kd2 {[%emt 0:00:31]} Ke7 {[%emt 0:01:08]} 29. g4 {[%emt 0:01:25]} Ke6 {[%emt 0:03:55]} 30. h4 {[%emt 0:00:58]} Rc7 {[%emt 0:05:21]} 31. Rd8 {[%emt 0:04:37]} f6 {[%emt 0:04:27]} 32. g5 {[%emt 0:03:14]} fxg5 {[%emt 0:02:45]} 33. hxg5 {[%emt 0:00:04]} Rf7 {[%emt 0:01:22]} 34. Ng2 {[%emt 0:19:34]} Rc7 {[%emt 0:01:28]} 35. Ne1 {[%emt 0:00:31]} Rc4 {[%emt 0:06:59]} 36. Nd3 {[%emt 0:00:06]} Rc2+ {[%emt 0:01:25]} 37. Ke3 {[%emt 0:00:05]} Bc4 {[%emt 0:00:19]} 38. Nc5+ {[%emt 0:02:00]} Kf7 {[%emt 0:00:12]} 39. Rd7+ {[%emt 0:02:09]} Kg8 {[%emt 0:00:12]} 40. Rd2 {[%emt 0:00:00]} Rc1 {[%emt 0:00:27]} 41. Nd7 {[%emt 0:00:59]} Be6 {[%emt 0:03:01]} 42. Nf6+ {[%emt 0:01:53]} Kg7 {[%emt 0:00:09]} 43. Rd6 {[%emt 0:01:58]} Bc8 {[%emt 0:01:45]} 44. Rb6 {[%emt 0:03:30]} Rc5 {[%emt 0:01:54]} 45. Kd4 {[%emt 0:01:11]} Rc4+ {[%emt 0:02:14]} 46. Kd5 {[%emt 0:00:05]} Rc2 {[%emt 0:00:31]} 47. Rxb5 {[%emt 0:00:16]} a4 {[%emt 0:00:31]} 48. Ke5 {[%emt 0:02:28]} Rc6 {[%emt 0:00:57]} 49. Ra5 {[%emt 0:01:13]} h5 {[%emt 0:00:47]} 50. f5 {[%emt 0:01:45]} gxf5 {[%emt 0:00:46]} 51. exf5 {[%emt 0:00:04]} h4 {[%emt 0:00:06]} 52. Ra7+ {[%emt 0:00:27]} Kf8 {[%emt 0:00:08]} 53. g6 {[%emt 0:00:19]} Rc5+ {[%emt 0:00:10]} 54. Ke4 1-0

[Event "EYCC 2017"]
[Site "Mamaia"]
[Date "2017.09.07"]
[Round "3"]
[White "Radovic, Janko"]
[Black "Sorokin, Aleksey"]
[Result "0-1"]
[WhiteElo "2330"]
[BlackElo "2486"]
[Annotator "TA"]
[PlyCount "98"]
[EventDate "2017.??.??"]
[EventType "swiss"]
[EventCountry "ROU"]
[SourceTitle "playchess.com"]
[Source "ChessBase"]
[SourceQuality "1"]

{[%evp 20,98,-25,-22,-20,-20,-16,-36,-35,-41,-32,-75,-41,-145,-143,-142,-129,-134,-135,-147,-136,-129,-53,-66,-62,-70,-65,-83,-31,-39,22,15,48,51,46,58,39,-112,-104,-91,-66,-238,-187,-195,-203,-248,-220,-220,-220,-220,-208,-220,-220,-221,-220,-210,-177,-220,-205,-216,-210,-198,-187,-207,-180,-180,-191,-207,-220,-278,-278,-278,-278,-278,-278,-275,-258,-322,-304,-261,-254]} 1. e4 c5 2. Nf3 d6 3. Bb5+ Nd7 4. d4 cxd4 5. Qxd4 a6 6. Bxd7+ Bxd7 7. Nc3 e5 8. Qd3 {B51: Sicilian: Moscow Variation (3 Bb5+) without 3...Bd7} Rc8 (8... h6 9. Nd2 Be6 10. Nc4 Rc8 11. Ne3 Nf6 12. O-O Be7 13. Rd1 O-O 14. Bd2 Rc5 15. a4 Qc8 {½-½ (31) Anand,V (2783)-Kasparov,G (2812) Saint Louis 2017}) 9. Bg5 Qc7 10. O-O h6 11. Bh4 {LiveBook: 4 Games} g5 12. Bg3 Nf6 13. Rfd1 Be7 14. Nd2 Be6 15. Nf1 {[#]} h5 $146 {[%cal Bh6h5,Bh5h4][%mdl 32]} 16. h4 (16. f3 $1 $15) 16... Ng4 $1 $17 17. hxg5 h4 18. Bh2 Qb6 ({Don't take} 18... Bxg5 19. Qxd6 Qxd6 20. Rxd6 $15) 19. Qf3 Bxg5 {And now ...h3 would win.} 20. Nd5 Qc6 ({Better is} 20... Qxb2 $17 {Strongly threatening ...h3.} 21. Rab1 Qxc2 22. Rxb7 h3) 21. Nfe3 $15 Nxe3 22. Nxe3 Rg8 23. Nf5 Rd8 (23... Be7 $17 {aiming for ...Rg5.} 24. Rd2 h3 $1 {[%mdl 512]}) 24. Rd3 Bc4 (24... Bxf5 $15 25. exf5 Qxf3 26. Rxf3 Rc8) 25. Rc3 $11 Bd2 26. Rxc4 $1 Qxc4 27. Rd1 $1 {[%cal Rd1d2]} h3 $1 ({Of course not} 27... Qxc2 28. Qe2 $16) 28. Bg3 $2 {[#]} (28. g4 $1 $14 Ba5 29. Nxd6+ Rxd6 30. Rxd6) 28... Bf4 $1 $17 ({Weaker is} 28... Qxc2 29. Qe2 $16) 29. c3 Bxg3 30. Nxg3 $2 (30. fxg3 $15 hxg2 31. b3) 30... Qe6 31. Rd5 hxg2 32. c4 Qg4 33. Kxg2 Qxf3+ 34. Kxf3 $19 {[%mdl 4096] Endgame KRR-KRN} Ke7 35. Nf5+ Ke6 36. Rd1 Rd7 37. a4 Rg5 38. Ne3 f6 39. Rh1 Rgg7 40. Rh8 Rh7 41. Rf8 Rdf7 42. Re8+ Re7 43. Rf8 Rh3+ 44. Ke2 Rh4 {Black has a decisive advantage.} 45. Kd3 Rf4 46. Nd5 Rxf2 47. Nxe7 Kxe7 48. Rb8 Rxb2 49. a5 Kd7 {Precision: White = 58%, Black = 70%.} 0-1

[Event "EYCC 2017"]
[Site "Mamaia"]
[Date "2017.09.07"]
[Round "3"]
[White "Schitco, Ivan"]
[Black "Hakobyan, Eduard"]
[Result "1-0"]
[WhiteElo "2325"]
[BlackElo "2178"]
[Annotator "NA"]
[PlyCount "61"]
[EventDate "2017.??.??"]
[EventType "swiss"]
[EventCountry "ROU"]
[SourceTitle "playchess.com"]
[Source "ChessBase"]
[SourceQuality "1"]
[TimeControl "40/5400+30:1800+30"]

1. d4 {[%emt 0:00:00]} Nf6 {[%emt 0:00:08]} 2. Bf4 {[%emt 0:00:00]} e6 {[%emt 0:00:16]} 3. e3 {[%emt 0:00:01]} b6 {[%emt 0:00:20]} 4. Nf3 {[%emt 0:00:26]} Bb7 {[%emt 0:00:24]} 5. Nbd2 {[%emt 0:00:21]} c5 {[%emt 0:00:35]} 6. c3 {[%emt 0:00:13]} Be7 {[%emt 0:00:22]} 7. h3 {[%emt 0:00:06]} O-O {[%emt 0:00:21]} 8. Bd3 {[%emt 0:00:28]} d6 {[%emt 0:00:39]} 9. O-O {[%emt 0:00:19]} Nbd7 {[%emt 0:00:46]} 10. Qe2 {[%emt 0:01:17]} Re8 {[%emt 0:03:37]} 11. Bh2 {[%emt 0:01:36]} Nf8 {[%emt 0:07:22]} 12. e4 {[%emt 0:03:17]} Ng6 {[%emt 0:00:43]} 13. Rfd1 {[%emt 0:02:56]} d5 {[%emt 0:09:32]} 14. e5 {[%emt 0:06:10]} Nd7 {[%emt 0:01:18]} 15. Ne1 {[%emt 0:08:04]} cxd4 {[%emt 0:04:50]} 16. cxd4 {[%emt 0:00:09]} Nb8 {[%emt 0:02:36]} 17. f4 {[%emt 0:05:22]} Nc6 {[%emt 0:01:00]} 18. Nc2 {[%emt 0:00:54]} Bc8 {[%emt 0:13:12]} 19. g4 {[%emt 0:04:01]} Nb4 {[%emt 0:13:07]} 20. Nxb4 {[%emt 0:01:21]} Bxb4 {[%emt 0:00:02]} 21. Bg3 {[%emt 0:06:34]} Be7 {[%emt 0:03:51]} 22. Nf3 {[%emt 0:02:24]} Bd7 {[%emt 0:05:59]} 23. Kh2 {[%emt 0:05:54]} Nf8 {[%emt 0:01:55]} 24. h4 {[%emt 0:04:10]} h6 {[%emt 0:02:32]} 25. Rg1 {[%emt 0:03:55]} g5 {[%emt 0:01:55]} 26. fxg5 {[%emt 0:01:40]} hxg5 {[%emt 0:00:08]} 27. h5 {[%emt 0:00:11]} Kg7 {[%emt 0:01:02]} 28. Rgf1 {[%emt 0:01:30]} Nh7 {[%emt 0:02:03]} 29. Bxh7 {[%emt 0:01:41]} Kxh7 {[%emt 0:00:02]} 30. Qd3+ {[%emt 0:00:44]} Kg7 {[%emt 0:00:19]} 31. Nxg5 {[%emt 0:00:54]} 1-0